| 000 | 00522cam a22001457a 4500 | ||
|---|---|---|---|
| 008 | 180718b1996 xxu||||| |||| 00| 0 eng d | ||
| 082 | _aO1x5461 W757 | ||
| 100 | _aWishwakarma, R.K. | ||
| 245 |
_aEmergency health care load in selected hospitals of Delhi _cby R.K. Wishwakarma...[et.al.] |
||
| 260 |
_aDelhi _bIndian Institute of Public Administration _c1996 |
||
| 300 | _a128p. | ||
| 650 | _aHealth services - India - Delhi | ||
| 650 | _aMedical care - India - Delhi | ||
| 700 | _aIndian Institute of Public Administration | ||
| 999 |
_c481610 _d481610 |
||